Vista normal
Vista MARC
Entrada Materia (personas)
Número de registros utilizados en: 1
001 - CONTROL NUMBER
- control field: 52828
003 - CONTROL NUMBER IDENTIFIER
- control field: Co-BoUCM
005 - DATE AND TIME OF LATEST TRANSACTION
- control field: 20131212103730.0
008 - FIXED-LENGTH DATA ELEMENTS
- fixed length control field: 131212|| aca||aabn | a|a d
040 ## - CATALOGING SOURCE
- Original cataloging agency: Co-BoUCM
- Transcribing agency: Co-BoUCM
100 ## - HEADING--PERSONAL NAME
- Personal name: Marat, Jean-Paul
- Dates associated with a name: 1743-1793
670 ## - SOURCE DATA FOUND
- Source citation: Work cat.: (Co-BoUCM)182788: Ramírez, Pedro J. 52503, El primer naufragio, 2011